| 000 | 00864nam a22002777a 4500 | ||
|---|---|---|---|
| 001 | BR8501727 | ||
| 003 | BR-BrBNA | ||
| 005 | 20230928092129.0 | ||
| 007 | ta | ||
| 008 | 230509b bl.||||| |||| 00| 0 por d | ||
| 040 |
_aBR-BrBNA _bpor _cBiblioteca Nacional de Agricultura |
||
| 041 | _a(Por) | ||
| 072 |
_aD50; E11 _b/G514 |
||
| 090 | _ D50 BR8501727 | ||
| 110 | 1 |
_aPrograma Nacional de Politica Fundiaria, Brasilia, DF (Brasil) _98046 |
|
| 245 | 1 |
_aEsboco parcial de anteprojeto de consolidacao de diplomas agrarios. Livros 1 e 2 [Brasil] _bPublicado no DOU no. 3, de 4 janeiro de 1985 |
|
| 260 | 3 |
_aBrasilia, DF (Brasil): _c1985. |
|
| 300 | _a70 p. | ||
| 650 | _aESTATUTO DA TERRA | ||
| 650 | _aREFORMA AGRARIA | ||
| 650 | _aPROPRIEDADE RURAL | ||
| 650 | _aDIREITO AGRARIO | ||
| 650 | _aLEI | ||
| 909 |
_a202309 _bLucia _c55 _dLucia Elande |
||
| 942 | _cBK | ||
| 999 |
_c37286 _d37286 |
||